Structures and strategies : an introduction to academic writing /

Guardat en:
Dades bibliogràfiques
Autor principal: Davis, Lloyd.
Format: Llibre
Idioma:English
Publicat: South Melbourne : Macmillan Education Australia, 1996.
Matèries:
Etiquetes: Afegir etiqueta
Sense etiquetes, Sigues el primer a etiquetar aquest registre!
Thư viện lưu trữ: Mạng thư viện Đại học Đà Nẵng
LEADER 00930cam a2200349 i 4500
001 000045800
003 4999
005 20030304143314.0
008 010220|1996 vm 000 eng
020 |a 073292930X 
040 |a IRC  |c IRC  |d IRC 
041 0 |a eng 
082 1 4 |a 808.42  |b DA-L 
100 1 |a Davis, Lloyd. 
245 0 0 |a Structures and strategies :  |b an introduction to academic writing /  |c Lloyd Davis. 
260 |a South Melbourne :  |b Macmillan Education Australia,  |c 1996. 
300 |a ix, 237p. :  |b ill. 
630 0 4 |a Academic writing. 
630 0 4 |a Rhetoric. 
650 0 4 |a Exposition (Rhetoric) 
650 0 4 |a English language  |x Rhetoric. 
650 0 4 |a Academic writing. 
OWN |a DUT 
999 |a From the UDN01 
TYP |a Monograph 
TYP |a Printed language 
980 |a Mạng thư viện Đại học Đà Nẵng